Tržní mechanizmus v různych ekonomických systémech Sborník statí
Salvato in:
| Natura: | Libro |
|---|---|
| Lingua: | ceco |
| Pubblicazione: |
Praha
Ústřední ústav národohospodářského výzkumu
1990
|
| Edizione: | 1. vyd. |
| Tags: |
Nessun Tag, puoi essere il primo ad aggiungerne!!
|
MARC
| LEADER | 00000nam a2200000 4500 | ||
|---|---|---|---|
| 001 | c032626 | ||
| 005 | 20221215120853.6 | ||
| 041 | 0 | |a cze | |
| 044 | |a CZ | ||
| 245 | 1 | 0 | |a Tržní mechanizmus v různych ekonomických systémech |b Sborník statí |
| 250 | |a 1. vyd. | ||
| 264 | 1 | |a Praha |b Ústřední ústav národohospodářského výzkumu |c 1990 | |
| 300 | |a 155 s. | ||